000 00693nam a22002057a 4500
999 _c14466
_d14466
003 AR-CdUCM
008 190423b ||||| |||| 00| 0 spa d
020 _a978-607-618-294-9
040 _aMUNICIPALIDAD PROVINCIAL DEL CUSCO
_cBIBLIOTECA MUNICIPAL DEL CUSCO
082 _aPI / 808.6 /
_bP59
110 _aSilver Dolphin en español.
_933264
245 _aPequeño catalogo de :
_bInstantes de felicidad /
260 _aMéxico :
_bSilver Dolphin en español,
_c2014.
300 _c36 cm.
_a77 páginas ;
505 _aContenido :Pinocho ...
650 _aCuentos infantiles
_93927
700 _aAdreani, Manuela (ilustraciones)
_931424
942 _2ddc
_cLIBROS
945 _arum
_d2019-04-23